[Event "Werther Schloss op-B 13rd"]
[Site "Werther"]
[Date "2007.03.31"]
[Round "2"]
[White "Beckmann, Emanuel"]
[Black "Barlag, Christoph"]
[Result "1/2-1/2"]
[WhiteElo "1948"]
[BlackElo "2093"]
[PlyCount "53"]
[EventDate "2007.03.30"]
[EventType "swiss"]
[EventRounds "5"]
[EventCountry "GER"]
[SourceTitle "EXT 2008"]
[Source "ChessBase"]
[SourceDate "2007.11.25"]
[SourceVersion "1"]
[SourceVersionDate "2007.11.25"]
[SourceQuality "1"]

1. e4 Nf6 2. Nc3 d5 3. e5 Ne4 4. d4 Nxc3 5. bxc3 Bf5 6. g4 Be4 7. f3 Bg6 8. Bg5 Qd7 9. Ne2 Qa4 10. Rc1 e6 11. Nf4 Ba3 12. Nxg6 Bxc1 13. Nxh8 Bxg5 14. h4 Bf4 15. Qd3 Nd7 16. Qxh7 0-0-0 17. Kf2 g6 18. Bd3 Qa3 19. Nxf7 Qxc3 20. Rd1 Rf8 21. Qxg6 Qxd4+ 22. Kg2 Nxe5 23. Qxe6+ Kb8 24. Nxe5 Bxe5 25. Re1 Qf4 26. Qxe5 Qxf3+ 27. Kh2 1/2-1/2

[Event "Bielefeld Gr2"]
[Site "Bielefeld"]
[Date "2006.06.05"]
[Round "6"]
[White "Beckmann, Emanuel"]
[Black "Wolf, Norbert"]
[Result "0-1"]
[WhiteElo "2005"]
[BlackElo "2025"]
[PlyCount "34"]
[EventDate "2006.06.02"]
[EventType "tourn"]
[EventRounds "7"]
[EventCountry "GER"]
[SourceTitle "EXT 2007"]
[Source "ChessBase"]
[SourceDate "2006.11.23"]
[SourceVersion "1"]
[SourceVersionDate "2006.11.23"]
[SourceQuality "1"]

1. e4 c5 2. Nf3 d6 3. d4 cxd4 4. Nxd4 Nf6 5. Nc3 Nc6 6. f4 e6 7. Be3 Be7 8. Qf3 Qc7 9. 0-0-0 0-0 10. g4 Nxd4 11. Bxd4 e5 12. Nb5 Qa5 13. Bc3 Qxa2 14. Rg1 d5 15. exd5 e4 16. Qe3 Bxg4 17. Bxf6 Qa1+ 0-1

[Event "Bielefeld Gr2"]
[Site "Bielefeld"]
[Date "2006.06.05"]
[Round "7"]
[White "Mussgnug, Oliver"]
[Black "Beckmann, Emanuel"]
[Result "1-0"]
[WhiteElo "1945"]
[BlackElo "2005"]
[PlyCount "131"]
[EventDate "2006.06.02"]
[EventType "tourn"]
[EventRounds "7"]
[EventCountry "GER"]
[SourceTitle "EXT 2007"]
[Source "ChessBase"]
[SourceDate "2006.11.23"]
[SourceVersion "1"]
[SourceVersionDate "2006.11.23"]
[SourceQuality "1"]

1. e4 e6 2. d4 d5 3. Nd2 Be7 4. Bd3 Nf6 5. e5 Nfd7 6. f4 c5 7. c3 Nc6 8. Ndf3 Qb6 9. Ne2 f6 10. f5 Ndxe5 11. dxe5 fxe5 12. fxe6 Bxe6 13. Ng5 Bg4 14. h3 Bd7 15. Ng3 e4 16. Nh5 0-0-0 17. Nf7 exd3 18. Nxh8 Rxh8 19. Qxd3 Re8 20. Kd1 g6 21. Nf4 Bf5 22. Qe2 Rd8 23. g4 Be4 24. Rf1 Ne5 25. b3 g5 26. Nh5 Qa5 27. Bb2 Nd3 28. Rf7 Bd6 29. Nf6 Nf4 30. Qe3 Bg6 31. Rg7 Qb5 32. Kd2 d4 33. cxd4 cxd4 34. Rc1+ Kb8 35. Qf3 Bb4+ 36. Kd1 Bd3 37. Qg3 Be2+ 38. Kc2 Bd3+ 39. Kd1 Be4 40. Rc4 a5 41. Nxe4 Qe5 42. Rcc7 Qxe4 43. Rxb7+ Qxb7 44. Rxb7+ Kxb7 45. Qf3+ Kb6 46. Qe4 h6 47. Qe5 Rd5 48. Qb8+ Kc6 49. a3 Bd6 50. Qa8+ Kd7 51. Bc1 Rc5 52. Bd2 Nd5 53. Bxa5 d3 54. Qd8+ Ke6 55. Qg8+ Ke5 56. Qg7+ Ke4 57. Qg6+ Kd4 58. Qxd6 Rxa5 59. Kd2 Rc5 60. b4 Rc2+ 61. Kd1 Rb2 62. Qc5+ Ke4 63. Qc4+ Ke3 64. Qc1+ Ke4 65. Qxb2 Ne3+ 66. Ke1 1-0

[Event "Bielefeld Gr2"]
[Site "Bielefeld"]
[Date "2006.06.03"]
[Round "2"]
[White "Beckmann, Emanuel"]
[Black "Neukoetter, Gerhard"]
[Result "0-1"]
[WhiteElo "2005"]
[BlackElo "1983"]
[PlyCount "74"]
[EventDate "2006.06.02"]
[EventType "tourn"]
[EventRounds "7"]
[EventCountry "GER"]
[SourceTitle "EXT 2007"]
[Source "ChessBase"]
[SourceDate "2006.11.23"]
[SourceVersion "1"]
[SourceVersionDate "2006.11.23"]
[SourceQuality "1"]

1. e4 c5 2. Nf3 Nc6 3. d4 cxd4 4. Nxd4 g6 5. Nc3 Bg7 6. Nde2 d6 7. g3 f5 8. Bg2 fxe4 9. Nxe4 d5 10. Ng5 h6 11. Nf3 Nf6 12. Nf4 Kf7 13. Nh4 g5 14. Qd3 Ne5 15. Qe2 Qd6 16. Be3 Bg4 17. f3 Bd7 18. Bd4 Nc6 19. 0-0-0 gxf4 20. Qd3 Ne5 21. Bxe5 Qxe5 22. Qg6+ Kf8 23. Qd3 Be8 24. Rde1 Qg5 25. Nf5 fxg3+ 26. Kb1 e6 27. Rxe6 Bf7 28. f4 Qg4 29. Bf3 g2 30. Rg1 Qxf4 31. Bxd5 Nxd5 32. Nxg7 Kxg7 33. Rxg2+ Kf8 34. Re4 Qd6 35. Rf2 Rd8 36. Rd4 Rg8 37. b3 Nc3+ 0-1

[Event "Bielefeld Gr2"]
[Site "Bielefeld"]
[Date "2006.06.02"]
[Round "1"]
[White "Nohr, Jonas"]
[Black "Beckmann, Emanuel"]
[Result "1-0"]
[WhiteElo "1950"]
[BlackElo "2005"]
[PlyCount "87"]
[EventDate "2006.06.02"]
[EventType "tourn"]
[EventRounds "7"]
[EventCountry "GER"]
[SourceTitle "EXT 2007"]
[Source "ChessBase"]
[SourceDate "2006.11.23"]
[SourceVersion "1"]
[SourceVersionDate "2006.11.23"]
[SourceQuality "1"]

1. d4 d6 2. Nf3 Bg4 3. e3 Nd7 4. Be2 g6 5. c4 Bg7 6. Nc3 e6 7. h3 Bxf3 8. Bxf3 Rb8 9. 0-0 Ne7 10. b3 0-0 11. Bb2 f5 12. g3 g5 13. Bg2 Nf6 14. f4 g4 15. h4 d5 16. Qe2 h5 17. Ba3 Rf7 18. Bxe7 Rxe7 19. c5 a5 20. Rac1 c6 21. Na4 Nd7 22. Qd2 Bf6 23. Kf2 Rh7 24. Rh1 Ra8 25. Rh2 Nf8 26. Rch1 Qc7 27. Bf1 Nd7 28. Bd3 b6 29. cxb6 Nxb6 30. Nc5 Qd6 31. a4 Rha7 32. Rc1 Be7 33. Qc2 Rf8 34. Kg2 Kg7 35. Rhh1 Rc8 36. Ba6 Rcc7 37. Qc3 Nd7 38. Qxa5 Nb8 39. b4 Bd8 40. b5 cxb5 41. axb5 Nxa6 42. bxa6 Rc6 43. Qa4 Kf7 44. Nb7 1-0

[Event "GER-chT U20"]
[Site "Berlin"]
[Date "2005.12.27"]
[Round "2.3"]
[White "Becker, Nils"]
[Black "Beckmann, Emanuel"]
[Result "1-0"]
[WhiteElo "2122"]
[BlackElo "1914"]
[PlyCount "67"]
[EventDate "2005.12.27"]
[EventType "team-swiss"]
[EventRounds "7"]
[EventCountry "GER"]
[SourceTitle "EXT 2022"]
[Source "ChessBase"]
[SourceDate "2021.10.06"]
[SourceVersion "1"]
[SourceVersionDate "2021.10.06"]
[SourceQuality "1"]
[WhiteTeam "Ruedersdorf Glueckauf U20"]
[BlackTeam "Heep U20"]
[WhiteTeamCountry "GER"]
[BlackTeamCountry "GER"]

1. e4 e6 2. d3 d5 3. Nd2 c5 4. g3 g6 5. Bg2 Bg7 6. Ngf3 Ne7 7. 0-0 Nbc6 8. c3 h6 9. Re1 b6 10. Nf1 a5 11. h4 Ra7 12. e5 d4 13. c4 Ba6 14. a4 Nb4 15. Bf4 Kd7 16. N1h2 Kc8 17. Ng4 Nec6 18. Qd2 h5 19. Ngh2 Rd7 20. Ng5 Kb8 21. Nhf3 Ka7 22. Ne4 Rf8 23. Red1 Ne7 24. Nd6 Nf5 25. Nb5+ Kb8 26. Ng5 Bb7 27. Ne4 Re8 28. Bg5 Qc8 29. Ned6 Nxd6 30. Nxd6 Rxd6 31. Bxb7 Qxb7 32. exd6 f6 33. Bxf6 Bxf6 34. Qf4 1-0

[Event "GER-ch U25"]
[Site "Willingen"]
[Date "2005.05.15"]
[Round "2"]
[White "Tschlatscher, Thomas"]
[Black "Beckmann, Emanuel"]
[Result "0-1"]
[WhiteElo "1652"]
[BlackElo "1964"]
[PlyCount "118"]
[EventDate "2005.05.14"]
[EventType "swiss"]
[EventRounds "9"]
[EventCountry "GER"]
[SourceTitle "CBM 106 Extra"]
[Source "ChessBase"]
[SourceDate "2005.07.01"]
[SourceVersion "1"]
[SourceVersionDate "2005.07.01"]
[SourceQuality "1"]

1. c4 Nf6 2. Nc3 g6 3. d4 Bg7 4. Nf3 0-0 5. e4 c6 6. Be3 d5 7. exd5 cxd5 8. cxd5 Nxd5 9. Qb3 Nxe3 10. fxe3 e5 11. d5 Nd7 12. e4 Nc5 13. Qc2 f5 14. Bd3 fxe4 15. Nxe4 Qa5+ 16. Nfd2 Nxe4 17. Bxe4 Bd7 18. Qc3 Qb6 19. Rf1 Rxf1+ 20. Nxf1 Rc8 21. Qb3 Qd4 22. d6+ Kh8 23. Qxb7 Rf8 24. Bf3 e4 25. Rd1 Qa4 26. Be2 Qa5+ 27. Rd2 Bh6 28. Qd5 Bxd2+ 29. Qxd2 Qc5 30. b3 Qf2+ 31. Kd1 Bg4 32. Ng3 Bxe2+ 33. Qxe2 Qg1+ 34. Qe1 Qd4+ 35. Qd2 Qe5 36. d7 Rd8 37. Kc2 e3 38. Qd3 Qc7+ 39. Kb1 Qxd7 40. Qxe3 Qd1+ 41. Qc1 Kg7 42. Ne4 Qxc1+ 43. Kxc1 Re8 44. Nc3 Rf8 45. g3 Rf2 46. h3 h5 47. Kb1 Rh2 48. h4 Rg2 49. Ne4 Re2 50. Ng5 Kf6 51. Nf3 Rg2 52. Ng5 Kf5 53. b4 Rxg3 54. Kc2 Rg4 55. b5 Rxh4 56. Nf7 Rd4 57. a4 Kf6 58. Nh8 g5 59. Kc3 Rxa4 0-1

[Event "NRW-ch U18"]
[Site "Kranenburg"]
[Date "2005.03.30"]
[Round "4"]
[White "Beckmann, Emanuel"]
[Black "Bastians, Felix"]
[Result "1-0"]
[WhiteElo "1866"]
[BlackElo "1681"]
[PlyCount "46"]
[EventDate "2005.03.28"]
[EventType "swiss"]
[EventRounds "7"]
[EventCountry "GER"]
[SourceTitle "CBM 105 Extra"]
[Source "ChessBase"]
[SourceDate "2005.05.01"]
[SourceVersion "1"]
[SourceVersionDate "2005.05.01"]
[SourceQuality "1"]

1. e4 c5 2. Nf3 e6 3. d4 cxd4 4. Nxd4 Nf6 5. Nc3 d6 6. g4 Nc6 7. g5 Nd7 8. f4 Nc5 9. Be3 Bd7 10. Bg2 Nxd4 11. Qxd4 Rc8 12. 0-0 Bc6 13. Rad1 b5 14. Rf2 a5 15. e5 Bxg2 16. Rxg2 b4 17. Nb5 d5 18. f5 Qd7 19. c4 dxc4 20. Qxd7+ Nxd7 21. Rgd2 Nxe5 22. Rd8+ Rxd8 23. Nc7+ Ke7 1-0

[Event "NRW-ch U18"]
[Site "Kranenburg"]
[Date "2005.03.28"]
[Round "1"]
[White "Trella, Thomas"]
[Black "Beckmann, Emanuel"]
[Result "1/2-1/2"]
[WhiteElo "2266"]
[BlackElo "1866"]
[PlyCount "45"]
[EventDate "2005.03.28"]
[EventType "swiss"]
[EventRounds "7"]
[EventCountry "GER"]
[SourceTitle "CBM 105 Extra"]
[Source "ChessBase"]
[SourceDate "2005.05.01"]
[SourceVersion "1"]
[SourceVersionDate "2005.05.01"]
[SourceQuality "1"]

1. e4 c5 2. Nc3 e6 3. g3 d5 4. exd5 exd5 5. Bg2 Nf6 6. Nge2 d4 7. Ne4 Nxe4 8. Bxe4 Nd7 9. 0-0 Nf6 10. Bg2 Bd6 11. c3 d3 12. Nf4 0-0 13. Nxd3 Bxg3 14. fxg3 Qxd3 15. Qf3 Qxf3 16. Bxf3 Re8 17. d4 Bh3 18. Bxb7 Rad8 19. Bg2 Bxg2 20. Kxg2 cxd4 21. cxd4 Rxd4 22. Bf4 Nd5 23. Rad1 1/2-1/2

[Event "Werther Schloss op-B 11th"]
[Site "Werther"]
[Date "2005.03.19"]
[Round "3"]
[White "Beckmann, Emanuel"]
[Black "Rackisch, Matthias"]
[Result "1-0"]
[WhiteElo "1864"]
[BlackElo "1661"]
[PlyCount "47"]
[EventDate "2005.03.18"]
[EventType "swiss"]
[EventRounds "5"]
[EventCountry "GER"]
[SourceTitle "EXT 2006"]
[Source "ChessBase"]
[SourceDate "2005.11.24"]
[SourceVersion "1"]
[SourceVersionDate "2005.11.24"]
[SourceQuality "1"]

1. e4 Nf6 2. d3 Nc6 3. f4 e5 4. Nf3 d6 5. Nc3 Bg4 6. Be2 Be7 7. h3 Bxf3 8. Bxf3 Nd4 9. Be3 Nxf3+ 10. Qxf3 a6 11. 0-0 Qd7 12. d4 exd4 13. Bxd4 0-0-0 14. Rfd1 Qc6 15. Bf2 Rd7 16. b4 Bd8 17. Rd4 Re7 18. a4 b5 19. axb5 axb5 20. Qd3 Kb8 21. e5 Ne8 22. Nxb5 f6 23. Na7 Qb7 24. b5 1-0

[Event "Werther Schloss op-B 11th"]
[Site "Werther"]
[Date "2005.03.18"]
[Round "1"]
[White "Beckmann, Emanuel"]
[Black "Hackenholt, Arndt"]
[Result "1-0"]
[WhiteElo "1864"]
[BlackElo "1698"]
[PlyCount "71"]
[EventDate "2005.03.18"]
[EventType "swiss"]
[EventRounds "5"]
[EventCountry "GER"]
[SourceTitle "EXT 2006"]
[Source "ChessBase"]
[SourceDate "2005.11.24"]
[SourceVersion "1"]
[SourceVersionDate "2005.11.24"]
[SourceQuality "1"]

1. e4 Nf6 2. Nc3 d5 3. e5 d4 4. exf6 dxc3 5. fxe7 cxd2+ 6. Bxd2 Bxe7 7. Bd3 Nc6 8. Qh5 Be6 9. Ne2 Qd7 10. 0-0-0 0-0-0 11. Bc3 Qd5 12. Qxd5 Bxd5 13. Kb1 f6 14. Nf4 Bf7 15. Bf5+ Kb8 16. Be6 Be8 17. Bb3 Rxd1+ 18. Rxd1 Bd6 19. Ne6 Bf7 20. Nxg7 Bxb3 21. axb3 Rg8 22. Bxf6 Rf8 23. Bh4 Bxh2 24. Ne6 Re8 25. Ng5 Bd6 26. g3 Re2 27. f4 Be7 28. Nxh7 Bxh4 29. gxh4 Rf2 30. Re1 a5 31. h5 Nb4 32. Rh1 Rxf4 33. h6 Nd5 34. Ng5 Rf8 35. h7 Rh8 36. Nf7 1-0

[Event "GER-chT U20"]
[Site "Cologne"]
[Date "2004.12.29"]
[Round "5.4"]
[White "Loxine, Jakov"]
[Black "Beckmann, Emanuel"]
[Result "1-0"]
[WhiteElo "2198"]
[BlackElo "1929"]
[PlyCount "55"]
[EventDate "2004.12.27"]
[EventType "team"]
[EventRounds "7"]
[EventCountry "GER"]
[SourceTitle "CBM 104 Extra"]
[Source "ChessBase"]
[SourceDate "2005.03.01"]
[SourceVersion "1"]
[SourceVersionDate "2005.03.01"]
[SourceQuality "1"]
[WhiteTeam "Dresden SC (U20)"]
[BlackTeam "Heep (U20)"]
[WhiteTeamCountry "GER"]
[BlackTeamCountry "GER"]

1. d4 Nf6 2. Nf3 g6 3. c4 Bg7 4. Nc3 0-0 5. e4 c6 6. h3 d5 7. e5 Ne4 8. Bd3 Bf5 9. Qc2 Qa5 10. 0-0 Nxc3 11. Bxf5 gxf5 12. bxc3 e6 13. g4 f6 14. exf6 Rxf6 15. Bg5 Rf7 16. Bf4 dxc4 17. Ng5 Rf6 18. Rae1 Nd7 19. Rxe6 Rxe6 20. Nxe6 fxg4 21. Nxg7 Kxg7 22. Re1 Qd8 23. Qf5 Nf8 24. Be5+ Kg8 25. Re4 Ng6 26. Rxg4 Qd5 27. Rxg6+ hxg6 28. Qxg6+ 1-0

[Event "GER-chT U20"]
[Site "Cologne"]
[Date "2004.12.28"]
[Round "3.4"]
[White "Beckmann, Emanuel"]
[Black "Rudnik, Kirill"]
[Result "1/2-1/2"]
[WhiteElo "1929"]
[BlackElo "1813"]
[PlyCount "89"]
[EventDate "2004.12.27"]
[EventType "team"]
[EventRounds "7"]
[EventCountry "GER"]
[SourceTitle "CBM 104 Extra"]
[Source "ChessBase"]
[SourceDate "2005.03.01"]
[SourceVersion "1"]
[SourceVersionDate "2005.03.01"]
[SourceQuality "1"]
[WhiteTeam "Heep (U20)"]
[BlackTeam "Koeln Porz U20"]
[WhiteTeamCountry "GER"]
[BlackTeamCountry "GER"]

1. e4 e5 2. Nc3 Nc6 3. f4 exf4 4. Nf3 Be7 5. h4 d6 6. d4 Bg4 7. Bxf4 Bxh4+ 8. g3 Bf6 9. Bb5 Bxd4 10. Bxc6+ bxc6 11. Qxd4 Bxf3 12. 0-0 Bh5 13. Qxg7 Qf6 14. Qxf6 Nxf6 15. e5 Nd5 16. Nxd5 cxd5 17. exd6 cxd6 18. Bxd6 Kd7 19. Bc5 Rhe8 20. b4 a6 21. Rf5 Bg6 22. Rxd5+ Kc6 23. c4 Rad8 24. Rad1 Rxd5 25. cxd5+ Kb5 26. Kf2 Be4 27. Rd4 f5 28. d6 Kc6 29. Ke3 Kd7 30. a3 Bb7+ 31. Kf4 Re4+ 32. Rxe4 fxe4 33. g4 Bc6 34. g5 Bb7 35. Ke5 Bc6 36. Be3 Bb7 37. Kf6 Kxd6 38. Kg7 Kd5 39. Kxh7 Kc4 40. g6 Kd3 41. g7 Bd5 42. Bc5 e3 43. Bxe3 Kxe3 44. g8Q Bxg8+ 45. Kxg8 1/2-1/2

[Event "Dortmund op-B"]
[Site "Dortmund"]
[Date "2004.07.31"]
[Round "9"]
[White "Kipp, Lucas"]
[Black "Beckmann, Emanuel"]
[Result "1/2-1/2"]
[WhiteElo "1897"]
[BlackElo "1898"]
[PlyCount "83"]
[EventDate "2004.07.??"]
[EventType "swiss"]
[EventRounds "9"]
[EventCountry "GER"]
[SourceTitle "EXT 2006"]
[Source "ChessBase"]
[SourceDate "2005.11.24"]
[SourceVersion "1"]
[SourceVersionDate "2005.11.24"]
[SourceQuality "1"]

1. d4 Nf6 2. c4 g6 3. Nc3 Bg7 4. e4 0-0 5. Nf3 c6 6. Be2 d5 7. e5 Ne4 8. 0-0 Bg4 9. Qb3 Qd7 10. h3 Nxc3 11. bxc3 dxc4 12. Qxc4 Be6 13. Qb4 b5 14. a4 Na6 15. Qa5 Nc7 16. Bf4 a6 17. Ng5 Bb3 18. axb5 axb5 19. Qb4 Bd5 20. Bg4 Be6 21. Nxe6 Nxe6 22. Bg5 f6 23. Qb3 f5 24. Bf3 Kh8 25. Bd2 Nc7 26. Rfb1 Rfd8 27. Be3 e6 28. Bg5 Rdc8 29. Qb4 Bf8 30. Bf6+ Kg8 31. Qb3 Nd5 32. Bxd5 Qxd5 33. Qxd5 exd5 34. Kf1 Kf7 35. Ke2 Ke6 36. Kd3 Kd7 37. f3 Ke6 38. g4 Bh6 39. g5 Bf8 40. h4 Kf7 41. Re1 Ke6 42. Reb1 1/2-1/2

[Event "Dortmund op-B"]
[Site "Dortmund"]
[Date "2004.07.29"]
[Round "7"]
[White "Beckmann, Emanuel"]
[Black "Tkachuk, Konstantyn"]
[Result "1-0"]
[WhiteElo "1898"]
[BlackElo "1801"]
[PlyCount "109"]
[EventDate "2004.07.??"]
[EventType "swiss"]
[EventRounds "9"]
[EventCountry "GER"]
[SourceTitle "EXT 2006"]
[Source "ChessBase"]
[SourceDate "2005.11.24"]
[SourceVersion "1"]
[SourceVersionDate "2005.11.24"]
[SourceQuality "1"]

1. e4 e5 2. Nc3 Nf6 3. g3 Bc5 4. Bg2 Nc6 5. Nge2 0-0 6. 0-0 d6 7. Na4 Bb6 8. Nxb6 axb6 9. d4 Re8 10. d5 Ne7 11. f3 Bd7 12. g4 Ng6 13. Qe1 c6 14. Ng3 Nf4 15. Bxf4 exf4 16. dxc6 bxc6 17. Ne2 d5 18. Nxf4 dxe4 19. Qg3 exf3 20. Bxf3 Re3 21. h3 Qe7 22. Nd3 Ra4 23. Qb8+ Qe8 24. Qxe8+ Rxe8 25. Rfe1 Rxe1+ 26. Rxe1 Rxa2 27. g5 Nd5 28. c4 Nc7 29. Re7 Bxh3 30. Rxc7 Ra5 31. Rxc6 Rxg5+ 32. Kf2 h5 33. Nf4 Bd7 34. Rd6 Bg4 35. Rxb6 Bxf3 36. Kxf3 h4 37. b4 Rg3+ 38. Kf2 g5 39. Nd5 g4 40. Rf6 Rh3 41. Kg2 Rg3+ 42. Kf2 Rh3 43. Rf4 g3+ 44. Kg1 Rh2 45. Ne7+ Kf8 46. Ng6+ Ke8 47. Nxh4 Rb2 48. b5 Kd7 49. Nf5 g2 50. Ne3 Kd6 51. Nxg2 Kc5 52. Kh2 Rc2 53. Kg3 Rxc4 54. Rxc4+ Kxc4 55. b6 1-0

[Event "Dortmund op-B"]
[Site "Dortmund"]
[Date "2004.07.26"]
[Round "4"]
[White "Jahnke, Bernd"]
[Black "Beckmann, Emanuel"]
[Result "0-1"]
[WhiteElo "1801"]
[BlackElo "1898"]
[PlyCount "70"]
[EventDate "2004.07.??"]
[EventType "swiss"]
[EventRounds "9"]
[EventCountry "GER"]
[SourceTitle "EXT 2006"]
[Source "ChessBase"]
[SourceDate "2005.11.24"]
[SourceVersion "1"]
[SourceVersionDate "2005.11.24"]
[SourceQuality "1"]

1. g4 e5 2. Bg2 d5 3. d3 Bxg4 4. c4 Nf6 5. Qb3 Nbd7 6. cxd5 Bd6 7. Nc3 0-0 8. Bg5 Rc8 9. Qc4 Bf5 10. Nf3 c6 11. dxc6 Rxc6 12. Qh4 Rb6 13. Nd2 Rxb2 14. 0-0 Bb4 15. Rfc1 Bxc3 16. Rxc3 Qa5 17. Rac1 Qxa2 18. Nc4 Rb1 19. Rxb1 Qxb1+ 20. Rc1 Qa2 21. Bf3 h6 22. Be3 b6 23. Kh1 Bg6 24. Rg1 e4 25. Bg2 exd3 26. exd3 Bxd3 27. Bd5 Nxd5 28. Rxg7+ Kxg7 29. Bxh6+ Kg8 30. Qd4 Qb1+ 31. Kg2 Qf1+ 32. Kg3 Qg1+ 33. Kh4 Qxh2+ 34. Kg5 Qg2+ 35. Kh4 Qe4+ 0-1

[Event "GER-ch U25 op"]
[Site "Willingen"]
[Date "2004.06.02"]
[Round "7"]
[White "Schafranietz, Sebastian"]
[Black "Beckmann, Emanuel"]
[Result "1-0"]
[WhiteElo "2236"]
[BlackElo "1868"]
[PlyCount "45"]
[EventDate "2004.05.30"]
[EventType "swiss"]
[EventRounds "9"]
[EventCountry "GER"]
[SourceTitle "EXT 2005"]
[Source "ChessBase"]
[SourceDate "2004.11.15"]
[SourceVersion "1"]
[SourceVersionDate "2004.11.15"]
[SourceQuality "1"]

1. d4 Nf6 2. Nf3 g6 3. c4 Bg7 4. Nc3 0-0 5. g3 c6 6. Bg2 d6 7. 0-0 Nbd7 8. e4 e5 9. Re1 Qe7 10. h3 Ne8 11. b3 Nc7 12. Bb2 Rd8 13. Qd2 Rb8 14. Rad1 Ne6 15. Nb1 c5 16. dxe5 dxe5 17. Nc3 Nd4 18. Nd5 Qd6 19. Qa5 b6 20. Qxa7 Bb7 21. Bxd4 cxd4 22. Qa4 Bc6 23. Qxc6 1-0

[Event "GER-ch U25 op"]
[Site "Willingen"]
[Date "2004.05.31"]
[Round "4"]
[White "Beckmann, Emanuel"]
[Black "Billing, Christian"]
[Result "1-0"]
[WhiteElo "1868"]
[BlackElo "1915"]
[PlyCount "27"]
[EventDate "2004.05.30"]
[EventType "swiss"]
[EventRounds "9"]
[EventCountry "GER"]
[SourceTitle "EXT 2005"]
[Source "ChessBase"]
[SourceDate "2004.11.15"]
[SourceVersion "1"]
[SourceVersionDate "2004.11.15"]
[SourceQuality "1"]

1. e4 c5 2. Nf3 d6 3. d4 cxd4 4. Nxd4 Nf6 5. Nc3 a6 6. Be3 e6 7. g4 e5 8. Nf5 g6 9. g5 Nxe4 10. Nxe4 Bxf5 11. Nf6+ Ke7 12. Bb6 Qc8 13. Bc7 Qe6 14. Bc4 1-0

[Event "NRW-ch U18"]
[Site "Wolfsburg"]
[Date "2004.04.17"]
[Round "7"]
[White "Beckmann, Emanuel"]
[Black "Junker, Timo"]
[Result "1-0"]
[WhiteElo "1924"]
[BlackElo "1693"]
[PlyCount "33"]
[EventDate "2004.04.??"]
[EventType "swiss"]
[EventRounds "7"]
[EventCountry "GER"]
[SourceTitle "EXT 2005"]
[Source "ChessBase"]
[SourceDate "2004.11.15"]
[SourceVersion "1"]
[SourceVersionDate "2004.11.15"]
[SourceQuality "1"]

1. e4 e5 2. Nc3 d6 3. f4 exf4 4. Nf3 f5 5. exf5 Bxf5 6. Bc4 Nf6 7. d4 d5 8. Bd3 Bxd3 9. Qxd3 c6 10. Bxf4 Bd6 11. Qe2+ Be7 12. Ng5 Na6 13. Qe6 Qd7 14. Qf7+ Kd8 15. 0-0 Rf8 16. Ne6+ Kc8 17. Nxf8 1-0

[Event "NRW-ch U18"]
[Site "Wolfsburg"]
[Date "2004.04.14"]
[Round "4"]
[White "Albers, Damian"]
[Black "Beckmann, Emanuel"]
[Result "1-0"]
[WhiteElo "1887"]
[BlackElo "1924"]
[PlyCount "53"]
[EventDate "2004.04.??"]
[EventType "swiss"]
[EventRounds "7"]
[EventCountry "GER"]
[SourceTitle "EXT 2005"]
[Source "ChessBase"]
[SourceDate "2004.11.15"]
[SourceVersion "1"]
[SourceVersionDate "2004.11.15"]
[SourceQuality "1"]

1. Nc3 e6 2. e4 d5 3. d4 Bb4 4. Nge2 c5 5. dxc5 Ne7 6. Be3 Nbc6 7. Qd2 b6 8. cxb6 axb6 9. a3 Ne5 10. exd5 exd5 11. Nf4 g5 12. Nh5 h6 13. Nf6+ Kf8 14. 0-0-0 Bxa3 15. bxa3 Qd6 16. Nb1 Qxf6 17. h4 g4 18. Bd4 Nf5 19. Bxe5 Qxe5 20. Qxd5 Qxd5 21. Rxd5 Be6 22. Rb5 Rb8 23. Rb4 h5 24. Nd2 Nd6 25. Bd3 Bd5 26. Rd4 Bxg2 27. Rg1 1-0

[Event "GER-ch Lands U20"]
[Site "Kassel"]
[Date "2003.10.21"]
[Round "4.5"]
[White "Beckmann, Emanuel"]
[Black "Plenca, Julian"]
[Result "1/2-1/2"]
[WhiteElo "1858"]
[BlackElo "2059"]
[PlyCount "94"]
[EventDate "2003.10.19"]
[EventType "team"]
[EventRounds "7"]
[EventCountry "GER"]
[SourceTitle "EXT 2004"]
[Source "ChessBase"]
[SourceDate "2003.11.25"]
[SourceVersion "1"]
[SourceVersionDate "2003.11.25"]
[SourceQuality "1"]

1. e4 e6 2. d3 d5 3. Nd2 Nf6 4. Ngf3 c5 5. g3 b5 6. Bg2 Qb6 7. 0-0 Be7 8. Re1 Nc6 9. e5 Nd7 10. Nf1 a5 11. h4 b4 12. h5 h6 13. N1h2 a4 14. Ng4 Kd8 15. Be3 Ba6 16. Qd2 Kc7 17. Nh4 Rhb8 18. f4 b3 19. axb3 axb3 20. c3 Bb7 21. Nf3 Ra2 22. Rec1 Rba8 23. Rab1 Kd8 24. Qf2 R8a4 25. Kh2 Qa6 26. Bf1 Ra1 27. d4 c4 28. Qe1 R1a2 29. Nf2 Na7 30. Rd1 Nb5 31. Bc1 Ra1 32. Be3 Rxb1 33. Rxb1 Ra2 34. Kg1 Ba3 35. Nd1 Be7 36. Nf2 Nb6 37. Nd1 Ra1 38. Rxa1 Qxa1 39. Qd2 Na4 40. Qc1 Qa2 41. Nd2 Bc6 42. g4 Bd7 43. g5 Bf8 44. Bg2 Nc7 45. Nf1 Nxb2 46. Qxb2 Ba3 47. Qf2 Qa1 1/2-1/2

[Event "GER-ch U16"]
[Site "Willingen"]
[Date "2003.06.13"]
[Round "9"]
[White "Beckmann, Emanuel"]
[Black "Nuesken, Nikolas"]
[Result "0-1"]
[WhiteElo "1842"]
[BlackElo "2094"]
[PlyCount "62"]
[EventDate "2003.06.08"]
[EventType "swiss"]
[EventRounds "9"]
[EventCountry "GER"]
[SourceTitle "CBM 094 Extra"]
[Source "ChessBase"]
[SourceDate "2003.07.09"]
[SourceVersion "2"]
[SourceVersionDate "2003.07.09"]
[SourceQuality "1"]

1. c4 e5 2. g3 Nf6 3. Bg2 d5 4. cxd5 Nxd5 5. Nc3 Nb6 6. Nf3 Nc6 7. 0-0 Be7 8. d3 0-0 9. b3 Be6 10. Bb2 f5 11. Rc1 Bf6 12. Nd2 Qd7 13. Nc4 Rab8 14. Kh1 Kh8 15. Nxb6 axb6 16. Nb5 Bd5 17. a4 Bxg2+ 18. Kxg2 Rf7 19. Kg1 Rc8 20. f4 exf4 21. Bxf6 Rxf6 22. Rxf4 Ne5 23. d4 Ng6 24. Rf3 f4 25. e4 fxg3 26. Rxg3 Nf4 27. Rc2 Rcf8 28. Qg4 Qf7 29. Nxc7 h5 30. Qh4 Nh3+ 31. Rxh3 Rg6+ 0-1